| 000 | 00437pab a2200133 454500 | ||
|---|---|---|---|
| 008 | 180718b xxu||||| |||| 00| 0 eng d | ||
| 100 | _aGhorpade K.R. | ||
| 245 | _aConflict resolution practices in land managemnt | ||
| 362 | _a65(1), Jan-Mar 1994, p.20-24 | ||
| 650 | _a Land Tenure -- India | ||
| 650 | _aReal Estate Development -- India | ||
| 773 | _aQuarterly Journal of the All India Institute of Local Self-Government | ||
| 909 | _a27579 | ||
| 999 |
_c27579 _d27579 |
||